000
00320nam a22001337a 4500
008
170522b xxu||||| |||| 00| 0 eng d
020
_a
9780198200734
041
_a
eng
080
_a
94(4)
100
_a
16
101
_a
SHH
245
_a
THE OXFORD ILLUSTRATED HISTORY OF MEDIEVAL EUROPE
_c
HOLMES, G
942
_2
udc
_c
BK
999
_c
13625
_d
13625